Načítá se...
Electronic commerce: framework, technologies and application
| Hlavní autor: | |
|---|---|
| Médium: | Printed Book |
| Vydáno: |
New Delhi
Tata Mcgrow hill
2007
|
| Vydání: | 1 |
| Témata: |
| LEADER | 00552nam a22001697a 4500 | ||
|---|---|---|---|
| 020 | |a 9780070600959 | ||
| 082 | |a 658.872 |b BHA/E | ||
| 100 | |a Bhasker,Bharat | ||
| 245 | |a Electronic commerce: framework, technologies and application | ||
| 250 | |a 1 | ||
| 260 | |a New Delhi |b Tata Mcgrow hill |c 2007 | ||
| 300 | |a 533.p | ||
| 650 | |a Electronic commerce | ||
| 700 | |a Bhasker,Bharat | ||
| 942 | |c BK | ||
| 999 | |c 40749 |d 40749 | ||
| 952 | |0 0 |1 0 |4 0 |6 658_872000000000000_BHAE |7 0 |8 Stack |9 43840 |a KUCL |b KUCL |d 2016-07-21 |g 275.00 |l 0 |o 658.872 BHA/E |p 41980 |r 2016-07-21 |w 2016-07-21 |y BK | ||